00491nam a2200193 a 4500001001300000003000900013005001700022008004100039020001000080082001300090100002200103245004500125260004100170300000900211500003500220505001000255650001000265700002200275nice12345678IN_TiNIC20260116012617.0050524s1990 newa grp 000 0 eng  ac35000a954bMET aMetcalf, Thomas R aModern Indiab an Interpretive Anthology aNew DelhibSterling Publishersc1990 a429p aincludes index and biblioraphy2 aIndex aIndia1 aMetcalf, Thomas R